Viet Nam water resource assistance project: Environment impact assessment updated consultation report

Gardado en:
Detalles Bibliográficos
Autor Corporativo: Ministry of Agriculture and Rural Development (Vietnam)
Formato: Libro
Idioma:Undetermined
Publicado: Washington D.C The World Bank 2003
Những chủ đề:
Các nhãn: Engadir etiqueta
Sen Etiquetas, Sexa o primeiro en etiquetar este rexistro!
Thư viện lưu trữ: Trung tâm Học liệu Trường Đại học Cần Thơ
LEADER 00655nam a2200193Ia 4500
001 CTU_62254
008 210402s9999 xx 000 0 und d
082 |a 363.61 
082 |b W927m 
110 |a Ministry of Agriculture and Rural Development (Vietnam) 
245 0 |a Viet Nam water resource assistance project: 
245 0 |b Environment impact assessment updated consultation report 
245 0 |c Ministry of Agriculture and Rural Development (Vietnam) 
260 |a Washington D.C 
260 |b The World Bank 
260 |c 2003 
650 |a water resources development 
904 |i Minh 
980 |a Trung tâm Học liệu Trường Đại học Cần Thơ